<?xml version="1.0" encoding="UTF-8"?>
<record
    xmlns:xsi="http://www.w3.org/2001/XMLSchema-instance"
    xsi:schemaLocation="http://www.loc.gov/MARC21/slim http://www.loc.gov/standards/marcxml/schema/MARC21slim.xsd"
    xmlns="http://www.loc.gov/MARC21/slim">

  <leader>00892nam a2200265 a 4500</leader>
  <controlfield tag="001">25849</controlfield>
  <controlfield tag="003">CO-ViMGA</controlfield>
  <controlfield tag="008">141112s2004    ck      r     000 u spa d</controlfield>
  <datafield tag="020" ind1=" " ind2=" ">
    <subfield code="a">9789584233189</subfield>
  </datafield>
  <datafield tag="040" ind1=" " ind2=" ">
    <subfield code="a">CO-ViMGA</subfield>
    <subfield code="b">spa</subfield>
    <subfield code="c">CO-ViMGA</subfield>
  </datafield>
  <datafield tag="041" ind1=" " ind2=" ">
    <subfield code="a">SPA</subfield>
  </datafield>
  <datafield tag="090" ind1=" " ind2=" ">
    <subfield code="a">N MUT1</subfield>
  </datafield>
  <datafield tag="100" ind1="1" ind2=" ">
    <subfield code="a">Mutis, &#xC1;lvaro, 1923 - </subfield>
    <subfield code="9">40200</subfield>
  </datafield>
  <datafield tag="245" ind1="1" ind2="0">
    <subfield code="a">Ilona llega con la lluvia / </subfield>
    <subfield code="c">&#xC1;lvaro Mutis</subfield>
  </datafield>
  <datafield tag="250" ind1=" " ind2=" ">
    <subfield code="a">1a ed.</subfield>
  </datafield>
  <datafield tag="260" ind1=" " ind2=" ">
    <subfield code="a">Bogot&#xE1; : </subfield>
    <subfield code="b">Planeta, </subfield>
    <subfield code="c">2012</subfield>
  </datafield>
  <datafield tag="300" ind1=" " ind2=" ">
    <subfield code="a">155 p.</subfield>
  </datafield>
  <datafield tag="490" ind1=" " ind2=" ">
    <subfield code="a">Grandes &#xE9;xitos</subfield>
  </datafield>
  <datafield tag="500" ind1=" " ind2=" ">
    <subfield code="a">En la car&#xE1;tula : Premio Medicis Francia, 1989, Premio Pr&#xED;ncipe de Asturias Espa&#xF1;a, 1997, Premio Reina Sof&#xED;a de Poes&#xED;a IberoAm&#xE9;ricana Espa&#xF1;a, 1997, Premio Cervantes Espa&#xF1;a, 2001.</subfield>
  </datafield>
  <datafield tag="650" ind1="1" ind2="4">
    <subfield code="a">LITERATURA COLOMBIANA - SIGLO XX </subfield>
    <subfield code="9">2057</subfield>
  </datafield>
  <datafield tag="650" ind1="1" ind2="4">
    <subfield code="a">MUERTE - NOVELA</subfield>
  </datafield>
  <datafield tag="650" ind1="1" ind2="4">
    <subfield code="a">NOVELA COLOMBIANA - SIGLO XX </subfield>
    <subfield code="9">2058</subfield>
  </datafield>
  <datafield tag="650" ind1="1" ind2="4">
    <subfield code="a">PROSTITUCION - NOVELA </subfield>
  </datafield>
  <datafield tag="942" ind1=" " ind2=" ">
    <subfield code="2">ddc</subfield>
    <subfield code="c">BK</subfield>
  </datafield>
  <datafield tag="999" ind1=" " ind2=" ">
    <subfield code="c">5414</subfield>
    <subfield code="d">5414</subfield>
  </datafield>
  <datafield tag="952" ind1=" " ind2=" ">
    <subfield code="0">0</subfield>
    <subfield code="1">0</subfield>
    <subfield code="2">ddc</subfield>
    <subfield code="4">0</subfield>
    <subfield code="7">0</subfield>
    <subfield code="a">MEPRICO</subfield>
    <subfield code="b">MEPRICO</subfield>
    <subfield code="c">LIT</subfield>
    <subfield code="d">2022-12-14</subfield>
    <subfield code="l">0</subfield>
    <subfield code="o">NMUT1Ej.1</subfield>
    <subfield code="p">PR000000L174</subfield>
    <subfield code="r">2022-12-14 00:00:00</subfield>
    <subfield code="t">Ej.1</subfield>
    <subfield code="w">2022-12-14</subfield>
    <subfield code="y">BKLIT</subfield>
  </datafield>
  <datafield tag="952" ind1=" " ind2=" ">
    <subfield code="0">0</subfield>
    <subfield code="1">0</subfield>
    <subfield code="2">ddc</subfield>
    <subfield code="4">0</subfield>
    <subfield code="7">0</subfield>
    <subfield code="8">GEN</subfield>
    <subfield code="a">MEGUAMAL</subfield>
    <subfield code="b">MEGUAMAL</subfield>
    <subfield code="c">LIT</subfield>
    <subfield code="d">2023-01-31</subfield>
    <subfield code="l">0</subfield>
    <subfield code="o">NMUT1</subfield>
    <subfield code="p">GUA000380</subfield>
    <subfield code="r">2023-01-31 00:00:00</subfield>
    <subfield code="t">Ej.1</subfield>
    <subfield code="w">2023-01-31</subfield>
    <subfield code="y">BKLIT</subfield>
  </datafield>
  <datafield tag="952" ind1=" " ind2=" ">
    <subfield code="0">0</subfield>
    <subfield code="1">0</subfield>
    <subfield code="2">ddc</subfield>
    <subfield code="4">0</subfield>
    <subfield code="7">0</subfield>
    <subfield code="8">GEN</subfield>
    <subfield code="a">MEDORADO</subfield>
    <subfield code="b">MEDORADO</subfield>
    <subfield code="c">LIT</subfield>
    <subfield code="d">2023-02-17</subfield>
    <subfield code="l">0</subfield>
    <subfield code="o">NMUT1</subfield>
    <subfield code="p">DOR01733</subfield>
    <subfield code="r">2023-02-17 00:00:00</subfield>
    <subfield code="t">Ej.1</subfield>
    <subfield code="w">2023-02-17</subfield>
    <subfield code="y">BKLIT</subfield>
  </datafield>
  <datafield tag="952" ind1=" " ind2=" ">
    <subfield code="0">0</subfield>
    <subfield code="1">0</subfield>
    <subfield code="2">ddc</subfield>
    <subfield code="4">0</subfield>
    <subfield code="7">0</subfield>
    <subfield code="8">GEN</subfield>
    <subfield code="a">MESMARTI</subfield>
    <subfield code="b">MESMARTI</subfield>
    <subfield code="c">LIT</subfield>
    <subfield code="d">2023-05-18</subfield>
    <subfield code="l">0</subfield>
    <subfield code="o">N MUT1</subfield>
    <subfield code="p">SM00344</subfield>
    <subfield code="r">2023-05-18 00:00:00</subfield>
    <subfield code="t">Ej.1</subfield>
    <subfield code="w">2023-05-18</subfield>
    <subfield code="y">BKLIT</subfield>
  </datafield>
  <datafield tag="952" ind1=" " ind2=" ">
    <subfield code="0">0</subfield>
    <subfield code="1">0</subfield>
    <subfield code="2">ddc</subfield>
    <subfield code="4">0</subfield>
    <subfield code="7">0</subfield>
    <subfield code="8">GEN</subfield>
    <subfield code="a">MECABUYA</subfield>
    <subfield code="b">MECABUYA</subfield>
    <subfield code="c">LIT</subfield>
    <subfield code="d">2023-06-28</subfield>
    <subfield code="l">0</subfield>
    <subfield code="o">NMUT1</subfield>
    <subfield code="p">CAB000407</subfield>
    <subfield code="r">2023-06-28 00:00:00</subfield>
    <subfield code="t">Ej.1</subfield>
    <subfield code="w">2023-06-28</subfield>
    <subfield code="y">BKLIT</subfield>
  </datafield>
  <datafield tag="952" ind1=" " ind2=" ">
    <subfield code="0">0</subfield>
    <subfield code="1">0</subfield>
    <subfield code="2">ddc</subfield>
    <subfield code="4">0</subfield>
    <subfield code="7">0</subfield>
    <subfield code="8">GEN</subfield>
    <subfield code="a">MECASTIL</subfield>
    <subfield code="b">MECASTIL</subfield>
    <subfield code="c">LIT</subfield>
    <subfield code="d">2023-07-10</subfield>
    <subfield code="l">0</subfield>
    <subfield code="o">N MUT1 </subfield>
    <subfield code="p">EC02093</subfield>
    <subfield code="r">2023-07-10 00:00:00</subfield>
    <subfield code="t">Ej.1</subfield>
    <subfield code="w">2023-07-10</subfield>
    <subfield code="y">BKLIT</subfield>
  </datafield>
  <datafield tag="952" ind1=" " ind2=" ">
    <subfield code="0">0</subfield>
    <subfield code="1">0</subfield>
    <subfield code="2">ddc</subfield>
    <subfield code="4">0</subfield>
    <subfield code="7">0</subfield>
    <subfield code="8">GEN</subfield>
    <subfield code="a">MEFTEORO</subfield>
    <subfield code="b">MEFTEORO</subfield>
    <subfield code="c">LIT</subfield>
    <subfield code="d">2023-07-13</subfield>
    <subfield code="l">0</subfield>
    <subfield code="o">	N MUT1</subfield>
    <subfield code="p">Fo00001366</subfield>
    <subfield code="r">2023-07-13 00:00:00</subfield>
    <subfield code="t">Ej.1</subfield>
    <subfield code="w">2023-07-13</subfield>
    <subfield code="y">BKLIT</subfield>
  </datafield>
  <datafield tag="952" ind1=" " ind2=" ">
    <subfield code="0">0</subfield>
    <subfield code="1">0</subfield>
    <subfield code="2">ddc</subfield>
    <subfield code="4">0</subfield>
    <subfield code="7">0</subfield>
    <subfield code="8">GEN</subfield>
    <subfield code="a">MECUBARR</subfield>
    <subfield code="b">MECUBARR</subfield>
    <subfield code="c">LIT</subfield>
    <subfield code="d">2023-07-31</subfield>
    <subfield code="l">0</subfield>
    <subfield code="o">N MUT1</subfield>
    <subfield code="p">CUB01421</subfield>
    <subfield code="r">2023-07-31 21:25:33</subfield>
    <subfield code="t">Ej.1</subfield>
    <subfield code="w">2023-07-31</subfield>
    <subfield code="y">BKLIT</subfield>
  </datafield>
  <datafield tag="952" ind1=" " ind2=" ">
    <subfield code="0">0</subfield>
    <subfield code="1">0</subfield>
    <subfield code="2">ddc</subfield>
    <subfield code="4">0</subfield>
    <subfield code="7">0</subfield>
    <subfield code="8">GEN</subfield>
    <subfield code="a">MEBAUPIA</subfield>
    <subfield code="b">MEBAUPIA</subfield>
    <subfield code="c">LIT</subfield>
    <subfield code="d">2023-09-13</subfield>
    <subfield code="l">0</subfield>
    <subfield code="o">N MUT1</subfield>
    <subfield code="p">BUP00291</subfield>
    <subfield code="r">2023-09-13 15:55:54</subfield>
    <subfield code="t">Ej.1</subfield>
    <subfield code="w">2023-09-13</subfield>
    <subfield code="y">BKLIT</subfield>
  </datafield>
  <datafield tag="952" ind1=" " ind2=" ">
    <subfield code="0">0</subfield>
    <subfield code="1">0</subfield>
    <subfield code="2">ddc</subfield>
    <subfield code="4">0</subfield>
    <subfield code="7">0</subfield>
    <subfield code="8">001</subfield>
    <subfield code="a">MEVIGAEMP</subfield>
    <subfield code="b">MEVIGAEMP</subfield>
    <subfield code="d">2017-09-28</subfield>
    <subfield code="l">0</subfield>
    <subfield code="o">N MUT1</subfield>
    <subfield code="p">31796</subfield>
    <subfield code="r">2015-12-04 00:00:00</subfield>
    <subfield code="t">Ej. 2</subfield>
    <subfield code="w">2019-09-01</subfield>
    <subfield code="y">BK</subfield>
  </datafield>
  <datafield tag="952" ind1=" " ind2=" ">
    <subfield code="0">0</subfield>
    <subfield code="1">0</subfield>
    <subfield code="2">ddc</subfield>
    <subfield code="4">0</subfield>
    <subfield code="7">0</subfield>
    <subfield code="8">001</subfield>
    <subfield code="a">MEVIGACOM</subfield>
    <subfield code="b">MEVIGACOM</subfield>
    <subfield code="d">2015-12-04</subfield>
    <subfield code="h">10/jul/2014</subfield>
    <subfield code="l">0</subfield>
    <subfield code="o">N MUT1</subfield>
    <subfield code="p">27142</subfield>
    <subfield code="r">2018-05-28 00:00:00</subfield>
    <subfield code="t">Ej. 1</subfield>
    <subfield code="w">2015-12-04</subfield>
    <subfield code="y">BK</subfield>
  </datafield>
  <datafield tag="952" ind1=" " ind2=" ">
    <subfield code="0">0</subfield>
    <subfield code="1">0</subfield>
    <subfield code="2">ddc</subfield>
    <subfield code="4">0</subfield>
    <subfield code="7">0</subfield>
    <subfield code="8">003</subfield>
    <subfield code="a">MEVIECAR</subfield>
    <subfield code="b">MEVIECAR</subfield>
    <subfield code="d">2015-12-04</subfield>
    <subfield code="h">10/jul/2014</subfield>
    <subfield code="l">2</subfield>
    <subfield code="o">N MUT1</subfield>
    <subfield code="p">26765</subfield>
    <subfield code="r">2022-10-28 00:00:00</subfield>
    <subfield code="s">2018-09-25</subfield>
    <subfield code="t">Ej. 1</subfield>
    <subfield code="w">2015-12-04</subfield>
    <subfield code="y">BK</subfield>
  </datafield>
  <datafield tag="952" ind1=" " ind2=" ">
    <subfield code="0">0</subfield>
    <subfield code="1">0</subfield>
    <subfield code="2">ddc</subfield>
    <subfield code="4">0</subfield>
    <subfield code="7">0</subfield>
    <subfield code="8">001</subfield>
    <subfield code="a">MEMAPIRI</subfield>
    <subfield code="b">MEMAPIRI</subfield>
    <subfield code="c">LIT</subfield>
    <subfield code="d">2024-01-12</subfield>
    <subfield code="l">0</subfield>
    <subfield code="o">N MUT1</subfield>
    <subfield code="p">MAP00001902</subfield>
    <subfield code="r">2024-01-12 21:29:07</subfield>
    <subfield code="t">Ej.1</subfield>
    <subfield code="w">2024-01-12</subfield>
    <subfield code="y">BK</subfield>
  </datafield>
  <datafield tag="952" ind1=" " ind2=" ">
    <subfield code="0">0</subfield>
    <subfield code="1">0</subfield>
    <subfield code="2">ddc</subfield>
    <subfield code="4">0</subfield>
    <subfield code="7">0</subfield>
    <subfield code="8">GEN</subfield>
    <subfield code="a">MESGUARO</subfield>
    <subfield code="b">MESGUARO</subfield>
    <subfield code="c">LIT</subfield>
    <subfield code="d">2024-04-16</subfield>
    <subfield code="l">0</subfield>
    <subfield code="o">N MUT1</subfield>
    <subfield code="p">SG01703</subfield>
    <subfield code="r">2024-04-16 19:43:13</subfield>
    <subfield code="t">Ej.1</subfield>
    <subfield code="w">2024-04-16</subfield>
    <subfield code="y">BK</subfield>
  </datafield>
  <datafield tag="952" ind1=" " ind2=" ">
    <subfield code="0">0</subfield>
    <subfield code="1">0</subfield>
    <subfield code="2">ddc</subfield>
    <subfield code="4">0</subfield>
    <subfield code="7">0</subfield>
    <subfield code="8">GEN</subfield>
    <subfield code="a">MECUMARA</subfield>
    <subfield code="b">MECUMARA</subfield>
    <subfield code="c">LIT</subfield>
    <subfield code="d">2024-07-16</subfield>
    <subfield code="l">0</subfield>
    <subfield code="o">NMUT1</subfield>
    <subfield code="p">CUM01059</subfield>
    <subfield code="r">2024-07-16 09:38:37</subfield>
    <subfield code="t">Ej.1</subfield>
    <subfield code="w">2024-07-16</subfield>
    <subfield code="y">BK</subfield>
  </datafield>
  <datafield tag="952" ind1=" " ind2=" ">
    <subfield code="0">0</subfield>
    <subfield code="1">0</subfield>
    <subfield code="2">ddc</subfield>
    <subfield code="4">0</subfield>
    <subfield code="7">0</subfield>
    <subfield code="8">GEN</subfield>
    <subfield code="a">MEURIBE</subfield>
    <subfield code="b">MEURIBE</subfield>
    <subfield code="c">LIT</subfield>
    <subfield code="d">2024-10-09</subfield>
    <subfield code="l">0</subfield>
    <subfield code="o">N MUT1</subfield>
    <subfield code="p">URI01726</subfield>
    <subfield code="r">2024-10-09 15:31:28</subfield>
    <subfield code="t">Ej.1</subfield>
    <subfield code="w">2024-10-09</subfield>
    <subfield code="y">BKLIT</subfield>
  </datafield>
  <datafield tag="952" ind1=" " ind2=" ">
    <subfield code="0">0</subfield>
    <subfield code="1">0</subfield>
    <subfield code="2">ddc</subfield>
    <subfield code="4">0</subfield>
    <subfield code="7">0</subfield>
    <subfield code="a">MEMESETA</subfield>
    <subfield code="b">MEMESETA</subfield>
    <subfield code="c">LIT</subfield>
    <subfield code="d">2024-10-18</subfield>
    <subfield code="k">9789584233189</subfield>
    <subfield code="l">0</subfield>
    <subfield code="o">N MUT1</subfield>
    <subfield code="p">ME000419</subfield>
    <subfield code="r">2024-10-18 09:37:53</subfield>
    <subfield code="t">Ej.1</subfield>
    <subfield code="w">2024-10-18</subfield>
    <subfield code="y">BK</subfield>
  </datafield>
  <datafield tag="952" ind1=" " ind2=" ">
    <subfield code="0">0</subfield>
    <subfield code="1">0</subfield>
    <subfield code="4">0</subfield>
    <subfield code="7">0</subfield>
    <subfield code="8">001</subfield>
    <subfield code="a">MEVIGERR</subfield>
    <subfield code="b">MEVIGERR</subfield>
    <subfield code="c">GEN</subfield>
    <subfield code="d">2014-12-15</subfield>
    <subfield code="o">N MUT1</subfield>
    <subfield code="p">ECA23522</subfield>
    <subfield code="r">2024-11-25 15:05:51</subfield>
    <subfield code="t">Ej.1</subfield>
    <subfield code="w">2024-11-25</subfield>
    <subfield code="y">BK</subfield>
    <subfield code="z">17524 | 22463</subfield>
  </datafield>
  <datafield tag="952" ind1=" " ind2=" ">
    <subfield code="0">0</subfield>
    <subfield code="1">0</subfield>
    <subfield code="2">ddc</subfield>
    <subfield code="4">0</subfield>
    <subfield code="7">0</subfield>
    <subfield code="a">MEVHERMO</subfield>
    <subfield code="b">MEVHERMO</subfield>
    <subfield code="d">2025-04-01</subfield>
    <subfield code="k">N MUT1</subfield>
    <subfield code="l">0</subfield>
    <subfield code="p">VIST   0001672</subfield>
    <subfield code="r">2025-04-01 14:43:15</subfield>
    <subfield code="t">Ej.1</subfield>
    <subfield code="w">2025-04-01</subfield>
    <subfield code="y">BK</subfield>
  </datafield>
  <datafield tag="952" ind1=" " ind2=" ">
    <subfield code="0">0</subfield>
    <subfield code="1">0</subfield>
    <subfield code="2">ddc</subfield>
    <subfield code="4">0</subfield>
    <subfield code="7">0</subfield>
    <subfield code="8">GEN</subfield>
    <subfield code="a">MEMACARE</subfield>
    <subfield code="b">MEMACARE</subfield>
    <subfield code="c">LIT</subfield>
    <subfield code="d">2025-08-21</subfield>
    <subfield code="l">0</subfield>
    <subfield code="o">N MUT1</subfield>
    <subfield code="p">LM03067</subfield>
    <subfield code="r">2025-08-21 19:44:23</subfield>
    <subfield code="t">Ej.1</subfield>
    <subfield code="w">2025-08-21</subfield>
    <subfield code="y">BK</subfield>
  </datafield>
  <datafield tag="952" ind1=" " ind2=" ">
    <subfield code="0">0</subfield>
    <subfield code="1">0</subfield>
    <subfield code="2">ddc</subfield>
    <subfield code="4">0</subfield>
    <subfield code="7">0</subfield>
    <subfield code="8">GEN</subfield>
    <subfield code="a">MEPLOPEZ</subfield>
    <subfield code="b">MEPLOPEZ</subfield>
    <subfield code="c">GEN</subfield>
    <subfield code="d">2025-09-27</subfield>
    <subfield code="l">0</subfield>
    <subfield code="p">PLZ04110</subfield>
    <subfield code="r">2025-09-27 16:09:23</subfield>
    <subfield code="t">Ej.1</subfield>
    <subfield code="w">2025-09-27</subfield>
    <subfield code="y">BK</subfield>
  </datafield>
  <datafield tag="952" ind1=" " ind2=" ">
    <subfield code="0">0</subfield>
    <subfield code="1">0</subfield>
    <subfield code="2">ddc</subfield>
    <subfield code="4">0</subfield>
    <subfield code="7">0</subfield>
    <subfield code="8">GEN</subfield>
    <subfield code="a">MEPLOPEZ</subfield>
    <subfield code="b">MEPLOPEZ</subfield>
    <subfield code="c">GEN</subfield>
    <subfield code="d">2025-10-07</subfield>
    <subfield code="l">0</subfield>
    <subfield code="o">N MUT1</subfield>
    <subfield code="p">PLZ03213</subfield>
    <subfield code="r">2025-10-07 18:40:32</subfield>
    <subfield code="t">Ej.1</subfield>
    <subfield code="w">2025-10-07</subfield>
    <subfield code="y">BKLIT</subfield>
  </datafield>
  <datafield tag="952" ind1=" " ind2=" ">
    <subfield code="0">0</subfield>
    <subfield code="1">0</subfield>
    <subfield code="2">ddc</subfield>
    <subfield code="4">0</subfield>
    <subfield code="7">0</subfield>
    <subfield code="8">012</subfield>
    <subfield code="a">MEGRANAD</subfield>
    <subfield code="b">MEGRANAD</subfield>
    <subfield code="c">LIT</subfield>
    <subfield code="d">2026-03-11</subfield>
    <subfield code="e">BIBLIOTECA NACIONAL</subfield>
    <subfield code="l">0</subfield>
    <subfield code="o">N-MUT1</subfield>
    <subfield code="p">GRDA05144</subfield>
    <subfield code="r">2026-03-11 20:00:51</subfield>
    <subfield code="t">Ej.1</subfield>
    <subfield code="w">2026-03-11</subfield>
    <subfield code="y">BK</subfield>
  </datafield>
</record>
